000 00506nam a2200181Ia 4500
005 20250326130807.0
008 250326s9999 xx 000 0 und d
037 _aTextbook
040 _aFMSL
_beng
_cFMSL
041 _aeng
_2eng
084 _aX:89Q8 Q7
_qFMSL
100 _aFoster S T
_9741361
245 0 _aManaging quality: integrating the supply chain
_cFoster S T
260 _aDelhi
_bDelhi, Pearson
_c2017
300 _a476p
942 _cTB
_hX:89Q8 Q7
999 _c1284138
_d1284138